| 000 | 01106nam a2200313 i 4500 | ||
|---|---|---|---|
| 003 | DO-SdBNP | ||
| 005 | 20260302134317.0 | ||
| 007 | ta | ||
| 008 | 260302b2002 dr ||||| |||| 00| 0 spa d | ||
| 020 | _a9993487023 | ||
| 040 |
_aDO-SdBNP _bspa _cBNPHU _erda |
||
| 041 | _aspa | ||
| 082 | 4 |
_axxx _bA367d _222 |
|
| 100 | 1 |
_aAlemán, José Luis, _d1928- _eautor _4aut. _97046 |
|
| 245 | 1 | 3 |
_aDe religión, moral, economía y otros caminos / _cJosé Luis Alemán ; edición, Carmen Pérez Valerio ; prólogo, Fco. José Arnáiz. |
| 250 | _aPrimera edición | ||
| 264 | 4 |
_aSantiago de los Caballeros, República Dominicana : _bPUCMM, _c©2002. |
|
| 300 |
_a572 páginas ; _c23 cm. |
||
| 336 |
_atexto _btxt _2rdacontent |
||
| 337 |
_asin mediación _bn _2rdamedia |
||
| 338 |
_avolumen _bnc _2rdacarrier |
||
| 490 | 0 | _aColección ensayos | |
| 500 | _aIncluye datos biográficos del autor en las solapas | ||
| 590 | _aInventariado, 2026 /LP | ||
| 700 | 1 |
_aPérez Valerio, Carmen _eedición _4ed. _924605 |
|
| 700 | 1 |
_aArnáiz, Fco. José, _eprologuista _4pr. _946314 |
|
| 910 | _aLP | ||
| 942 |
_2ddc _cLBS1 |
||
| 999 |
_c60405 _d60405 |
||